Phone prefixes - Statistics

General Stats
  • This quiz has been taken 3 times
  • The average score is 11 of 15
Answer Stats
Prefix Country % Correct
+86 China
100%
+33 France
100%
+91 India
100%
+39 Italy
100%
+27 South Africa
100%
+44 United Kingdom
100%
+54 Argentina
67%
+49 Germany
67%
+30 Greece
67%
+212 Morocco
67%
+64 New Zealand
67%
+227 Niger
33%
+82 South Korea
33%
+216 Tunisia
33%
+90 Turkey
33%
No matching quizzes found
Score Distribution
Percent of People with Each Score
Percentile by Number Answered
Your Score History
You have not taken this quiz